[Event "OP-2020-0-05066"]
[Site "LSS email"]
[Date "2020.12.12"]
[Round "?"]
[White "Levantaci, Arturo"]
[Black "Jenneborg, Seved"]
[Result "1/2-1/2"]
[WhiteElo "1695"]
[BlackElo "1945"]
[PlyCount "85"]
[EventDate "2020.12.08"]
[EventType "tourn (corr)"]
[EventRounds "4"]
[EventCountry "GER"]
[SourceTitle "Corr 2022"]
[Source "ChessBase"]
[SourceDate "2021.10.24"]
[SourceVersion "1"]
[SourceVersionDate "2021.10.24"]
[SourceQuality "1"]

1. e4 e5 2. Nf3 Nc6 3. Bc4 Nf6 4. d3 Bc5 5. c3 d6 6. Nbd2 a5 7. 0-0 Bd7 8. Re1 a4 9. Nf1 0-0 10. Bb5 Nb8 11. Bxd7 Nbxd7 12. Qc2 c6 13. d4 Bb6 14. Ng3 Re8 15. Bg5 h6 16. Be3 d5 17. dxe5 Nxe5 18. Nxe5 Rxe5 19. Bd4 Re6 20. Bxb6 Qxb6 21. exd5 cxd5 22. a3 Rae8 23. Rxe6 fxe6 24. h3 Rc8 25. Re1 Rc4 26. Qd2 Rc5 27. Re2 Ra5 28. Re3 Rb5 29. Re2 Kf8 30. Nf1 Ne4 31. Qc2 Rb3 32. Ne3 Kg8 33. g3 Qd8 34. Qd1 Qg5 35. Kg2 Qh5 36. Ng4 Ng5 37. h4 Qxg4 38. hxg5 Rxb2 39. f3 Rxe2+ 40. Qxe2 Qxg5 41. Qxe6+ Kh7 42. f4 Qd8 43. Qf7 1/2-1/2